Pays les plus proches de la Barbade - Statistiques

Statistiques générales
  • Ce quiz a été pris 91 fois
  • Le résultat moyen est 17 sur 20
Statistiques - réponses
km pays % Correct
1252 Colombie
94%
507 Guyana
94%
833 Suriname
94%
357 Venezuela
94%
869 Brésil
91%
1722 Cuba
91%
145 Sainte-Lucie
91%
1401 Haïti
89%
1844 Jamaïque
88%
2001 Panama
88%
1097 République dominicaine
86%
525 Saint-Christophe-et-Niévès
86%
158 Saint-Vincent-et- les-Grenadines
86%
217 Trinité-et-Tobago
86%
1669 Bahamas
85%
467 Antigua-et-Barbuda
84%
201 Grenade
82%
276 Dominique
79%
2269 Équateur
62%
2112 Pérou
59%
Aucun quiz correspondant
Distribution des résultats
% des personnes avec chaque résultat
Percentile par nombre de réponses
Votre historique - résultats
Vous n’avez pas pris ce quiz